000 01262cam a22003494a 4500
001 11778212
003 OSt
005 20140310182703.0
008 990802s2000 maua 001 0 eng
010 _a 99040279
020 _a0071202773
035 _a(DLC) 99040279
040 _aDLC
_cDLC
_dDLC
042 _apcc
050 0 0 _aQA 152.2
_b.D867 2000
082 0 0 _aM 512.9
_221
_bD93 2000
100 1 _aDugopolski, Mark.
245 1 0 _aAlgebra for college students
_cDugopolski, Mark
250 _a2nd ed.
260 _aBoston
_bMcGraw-Hill
_cc2000
300 _axviii, 739, 94, 9 p.
_bill.
_c25 cm.
_e1 computer disk (3 1/2 in.)
500 _aIncludes index.
521 _ahigh school to college student
526 _c1210L to 1700L
538 _aSystem requirements for accompanying computer disc: IBM PC or compatible system; Microsoft Windows 95, Windows 98, or Windows NT.
541 _j1
562 _efor circulation. 1 copy available in the collection
650 0 _aAlgebra.
906 _a7
_bcbc
_corignew
_d1
_eocip
_f19
_gy-gencatlg
942 _2lcc
_cBK
_kM
999 _c15192
_d15192